000 00650cam a22002172 4500
001 0000018821
005 20151021152557.0
008 100802s xx 000 0 eng d
020 _a0137006691 :
040 _aKABU
_cKABU
100 1 _aKotler, Philip.
_@0000097559
245 1 0 _aPrinciples of marketing /
_cPhilip Kotler, Gary Armstrong.
250 _a13th ed.
260 _aUpper Saddle River, NJ. :
_bPearson,
_c2010.
300 _a637 p.
650 0 _aMarketing.
_@0000151351
700 1 _aArmstrong, Gary.
_@0000097560
852 1 _9p1560 KES
908 _a100802
950 _@1
999 _c1529
_d1529